Jocs Florals 2003
Descripción Física:
12 p. : il. col. ; 21 cm
MARC
| LEADER | 00000nam a2200000Ia 4500 | ||
|---|---|---|---|
| 001 | 24389 | ||
| 003 | BGR | ||
| 005 | 20260324180615.0 | ||
| 008 | 160829s9999 xx 000 0 cat d | ||
| 080 | |a FU-64-180 | ||
| 100 | |a CEIP Puig-Agut |9 49928 | ||
| 245 | |a Jocs Florals 2003 | ||
| 260 | |a Manlleu : |b CEIP Puig-Agut, [2003?] | ||
| 300 | |a 12 p. : |b il. col. ; |c 21 cm | ||
| 650 | |a Prosa d'alumnes catalana |x Barcelona (província) |9 49929 | ||
| 650 | |a Poesia d'alumnes catalana |x Barcelona (província) |9 49930 | ||
| 710 | 1 | |a Escola Pública "Puig-Agut" (Manlleu) |9 70792 | |
| 901 | |a Arxiu | ||
| 942 | |n 1 |2 udc |c MON | ||
| 952 | |0 0 |1 0 |4 0 |6 FU64180 |7 1 |9 55692 |a Arxiu |b Arxiu |d 2016-12-01 |l 0 |o FU-64-180 |p 24389 |r 2016-12-01 00:00:00 |w 2016-12-01 |y ARXIU | ||
| 999 | |c 59565 |d 59565 | ||